=LDR 00000nam 2200000 4500 =001 INLIS000000000006639 =005 20130612094744 =008 ***********************************Ind** =035 ##$$0010-061300000006639 =041 ##$$a Ind =082 ##$$a 005.369 =090 ##$$a 005.369, Nim m =100 ##$$a Nimershim, Jack =245 ##$$a Metode jika dan trik handal Dos 6.2, Joack Nimersheim; alih bahasa, Dwi Y.H =260 ##$$a 1995 $b Jakarta =300 ##$$a viii, 199 hlm., Ilus., 23 cm =650 ##$$a Komputer =700 ##$$a Dwi Y.H =850 ##$$a NBPNMAT